| 000 | 00447cam a2200181ua 4500 | ||
|---|---|---|---|
| 020 | _cRs 10.60 | ||
| 041 |
_aeng _h |
||
| 082 |
_a822 _bTCH/CH |
||
| 100 | _aTchehov, Anton . | ||
| 245 |
_aCherry orchard and other plays / _cAnton Tchehov. _hTextual Documents |
||
| 260 |
_aLondon : _bChatto & Windus , _c1950. |
||
| 300 | _a273 ; . | ||
| 365 | _aRs 10.60 | ||
| 504 | _a | ||
| 942 | _cBK | ||
| 999 |
_c483 _d483 |
||